Most Expensive Transfer of a Spanish Footballer Every Year Since 1995 - Statistics

General Stats
  • This quiz has been taken 156 times
  • The average score is 18 of 30
Answer Stats
Season Fee From To Answer % Correct
2010/11 €58.50m Liverpool Chelsea Fernando Torres
98%
2007/08 €38.00m Atlético Madrid Liverpool Fernando Torres
98%
2021/22 €55.00m Manchester City Barcelona Ferran Torres
98%
2019/20 €70.00m Atletico Madrid Manchester City Rodri
96%
2020/21 €35.00m Chelsea Atletico Madrid Álvaro Morata
93%
2017/18 €66.00m Real Madrid Chelsea Álvaro Morata
93%
2016/17 €30.00m Juventus Real Madrid Álvaro Morata
93%
2009/10 €34.50m Liverpool Real Madrid Xabi Alonso
93%
2004/05 €16.00m Real Sociedad Liverpool Xabi Alonso
93%
2018/19 €80.00m Athletic Bilbao Chelsea Kepa Arrizabalaga
91%
2022/23 €65.30m Brighton Chelsea Marc Cucurella
87%
2011/12 €34.00m Arsenal Barcelona Cesc Fàbregas
86%
2013/14 €44.73m Chelsea Manchester Utd Juan Mata
85%
2012/13 €40.00m Athletic Bilbao Bayern Munich Javi Martínez
81%
2014/15 €38.00m Atletico Madrid Chelsea Diego Costa
80%
2023/24 €40.00m Sporting CP Tottenham Hotspur Pedro Porro
78%
2005/06 €27.00m Sevilla Real Madrid Sergio Ramos
74%
2003/04 €20.00m Sevilla Arsenal José Antonio Reyes
52%
2001/02 €48.00m Valencia Lazio Gaizka Mendieta
43%
2016/17 €30.00m Valencia Barcelona Paco Alcácer
37%
2015/16 €30.00m Benfica Valencia Rodrigo Moreno
32%
2006/07 €25.00m Real Betis Valencia Joaquín
30%
2008/09 €14.00m Real Mallorca Fenerbahce Dani Güiza
29%
2000/01 €21.60m Valencia Barcelona Gerard López
13%
1995/96 €3.60m Real Madrid Real Betis Alfonso Pérez
10%
1998/99 €15.00m Barcelona Lazio Iván de la Peña
10%
1999/00 €19.00m Atlético Madrid AC Milan Jose Mari
7%
2002/03 €15.00m Real Mallorca Dep. La Coruña Albert Luque
6%
1997/98 €12.00m Real Betis Athletic Bilbao Roberto Rios
5%
1996/97 €2.55m Espanyol Athletic Bilbao Ismael Urzaiz
2%
No matching quizzes found
Score Distribution
Percent of People with Each Score
Percentile by Number Answered
Your Score History
You have not taken this quiz